| 000 | 00681nam a2200193Ia 4500 | ||
|---|---|---|---|
| 003 | OSt | ||
| 005 | 20250721150550.0 | ||
| 008 | 210210b1997 xxu||||| |||| 00| 0 eng d | ||
| 040 | _cAL | ||
| 041 | _aKannada | ||
| 082 | _aK494.5 MAHK | ||
| 100 |
_aMAHIDAS (B V). _dಮಹೀದಾಸ್ (ಬಿ ವಿ) _9219566 |
||
| 245 |
_aKannada vyakaranagala hosa samikshe mattu itara prabandhagalu. _b ಕನ್ನಡ ವ್ಯಾಕರಣಗಳ ಹೊಸ ಸಮೀಕ್ಷೆ ಮತ್ತು ಇತರ ಪ್ರಬಂಧಗಳು |
||
| 260 |
_aKinnigoli. _bYugapurusha Prakatanalaya _c1997 |
||
| 300 | _a83 | ||
| 690 |
_aKannada Grammar _9219567 |
||
| 906 | _a052612 | ||
| 942 |
_2ddc _cBK |
||
| 999 |
_c101244 _d101244 |
||